[Event "Lost Boys"]
[Site "Amsterdam"]
[Date "1999.08.15"]
[Round "3"]
[White "Reinderman, Dimitri"]
[Black "Avrukh, Boris"]
[Result "1-0"]
[WhiteElo "2525"]
[BlackElo "2588"]
[Annotator "Mikhalevski,V"]
[PlyCount "105"]
[EventDate "1999.08.13"]
[EventType "tourn"]
[EventRounds "7"]
[EventCountry "NED"]
[EventCategory "14"]
[SourceTitle "CBM 073"]
[Source "ChessBase"]
[SourceDate "1999.12.01"]
[SourceVersion "1"]
[SourceVersionDate "1999.12.01"]
[SourceQuality "1"]

{[%mdl 64]} 1. Nf3 Nf6 2. c4 g6 3. Nc3 d5 4. cxd5 Nxd5 5. g3 Bg7 6. Bg2 Nb6 7.
h4 $6 {Very rare (and rightly so) continuation which can be recommended only
in the case you want to surprise your opponent.White loses an important tempo
in the opening while Black makes a useful move.Besides the g4 square is now in
the Black's possession.} h6 {There is no need in weakening the g5 square by
means of 7...h5.} 8. d3 Nc6 ({In the only game where 7.h4 was played Black
tried another plan:} 8... N8d7 $5 9. Bf4 c6 10. Rc1 Nf6 11. Qd2 Ng4 12. h5 g5
13. Nxg5 $2 (13. Be3) 13... hxg5 $19 {0-1 Jordan,J-Anic,D/Val Thorens 1990/EXT
99 (36)}) (8... O-O $5 {deserved attention in order to avoid possible doubling
pawns which occuried in the game.} {Now in case of} 9. h5 g5 {sacrifice on g5
doesn't look too dangerous.}) 9. Nd2 $5 {White wants to justify his last move.
After capture on c6 inclusion moves h4 and h6 would be at least sensible.} ({
In case of} 9. O-O e5 {Black solves opening problems easily.}) 9... e5 {
Black can't prevent B:c6,but it's certainly not very dangerous for him.The
same kind of positions arises in case of early Be3 while white's knight is
still on g1 and then B:c6 in case of almost forced Nc6.} (9... Bd7 $6 {is
silly in view of Nd2-e4-c5.}) (9... O-O $5 {leaving a big diagonal open for
the bishop on g7 deserved a serious attention.}) 10. Bxc6+ bxc6 11. Nb3 {
[%csl Rc5]} O-O 12. e4 {Very crucial move.White is trying to restict mobility
of Black's bishops pair,but at the same time he weakens the d3-pawn and the
d4-square.The following advantures will show if White's idea is correct or not.
} f5 $5 {[%cal Gf5f4] preparing f4 which chases two main purposes:1)making use
of the weakened king side and 2)restriction of the White's bishop.Next White's
move is almost forced.} ({The direct attack of the d3-pawn by means of} 12...
Qd6 13. Be3 Rd8 14. Qf3 (14. h5 $5 g5 15. Nc5 Nd7 16. N3a4) 14... h5 {[%cal
Gc8g4] proposed by Avrukh deserved serious attention.} (14... Qxd3 $4 15. Rd1)
{Nevertheless White manages to keep his weaknesses with the help of} 15. Nc5
Nd7 16. N3a4 Rb8 {[%cal Gb8b5,Gd7c5]} 17. b3 (17. Qe2 $5) 17... Rb5 18. Nxd7 ({
But not} 18. Rc1 $2 Nxc5 19. Nxc5 $2 (19. Bxc5 Bg4 $1 $17) 19... Bg4 20. Qg2
Rxc5 $1 21. Bxc5 Qxd3 22. f4 Bf3 $19) 18... Bxd7 19. Qe2 $5 $13) 13. Be3 f4 14.
gxf4 (14. Bc5 Rf7) 14... exf4 15. Bc5 Rf7 {[%csl Rc3,Gg7][%cal Ga7a5,Ga5a4,
Ga4a3]} 16. Qe2 $5 (16. Rg1 Kh7 (16... Qxh4 17. Rxg6 Kh7 18. Rg1 Qh2 19. Kd2
Nd7 20. Rh1 Qg2 21. Qf1 $13) 17. h5 g5 18. d4 a5 $132) (16. d4 f3 {[%cal Ga7a5,
Ga5a4]}) 16... a5 {[%csl Rc3][%cal Ga5a4,Ga4a3]} (16... Nd7 $5 {[%csl Rd3]
[%cal Gd7e5,Gc8g4] preventing the e4-e5 advance and creating unpleasant threat
of Ne5.As the result of it White would have to change his bishop.} 17. d4 (17.
O-O-O Nxc5 18. Nxc5 Qd6) 17... a5 $36 (17... Nxc5 $5)) 17. e5 $1 (17. Ba3 $5)
17... a4 (17... Nd5 {would also lead to unclear complications.} 18. e6 Bxc3+ (
18... Bxe6 19. Qxe6 Nxc3 20. bxc3 Bxc3+ 21. Ke2 $1 (21. Kf1 Qxd3+ 22. Kg2 Bxa1
23. Rxa1 Qd5+ 24. Qxd5 cxd5 $15) 21... f3+ 22. Ke3 Qf6 (22... Qe8 23. Qe4) 23.
Qxf6 Rxf6 {[%cal Ga8e8]} 24. Nd2 $1 $13) 19. bxc3 Rf6 20. e7 Qe8 21. Nd4 $5 (
21. Kd2 a4 22. Nd4 Ra5 23. Ba3 (23. Bb4 $2 Nxb4 24. cxb4 Rd5 $40 {[%csl Rd2]})
23... c5 {[%csl Re7]} 24. c4 $1 $13) 21... Nxc3 22. Qe5 Nd5 $13) 18. Nd4 a3 $1
{The idea of the previous move.Black is trying to make use of a temporary
unsteadity of White's pieces weakening very crowded a1-h8 diagonal.} 19. b4 $1
Qe8 $1 {The same strategy.} 20. Rg1 $2 (20. Nf3 $8 {was necessary}) 20... f3 $2
{Given in answer courtesy.Black doesn't find a moment to stop complications.} (
{After simple} 20... Qxe5 $1 {with the threat of Nd7 Black gets clear
advantage.His battery along the big diagonal lets him hope on the material
acquisitions.} 21. Rxg6 (21. Qxe5 Bxe5 22. Rxg6+ Kh7 {[%csl Ra1,Rc3,Rd4,Rg6]
[%cal Gb6d7]} 23. Rxc6 (23. h5 Nd7 24. Nde2 (24. Nce2 f3 $19 {[%csl Rd4]})
24... Nxc5 25. bxc5 Re7 26. Kd2 Bf5 27. Rxc6 Rd8 28. Nc1 Red7 $19) 23... Bd7
$17 {[%csl Rc6]} (23... Nd7 $5 {[%csl Rc3,Rd4]} 24. Ncb5 Nb8 {[%csl Rc6]} 25.
Rd1 Nxc6 26. Nxc6 Bf6 $17)) 21... Nd7 $1 {[%csl Rc3,Rd4]} 22. Rd1 (22. Kd2
Qxe2+ 23. Ndxe2 (23. Ncxe2 Nxc5 24. bxc5 f3 25. Ng1 Kh7 26. Rxg7+ Rxg7 27.
Ngxf3 Rb8 $1 $17) 23... Ne5 24. Rxg7+ (24. Rg2 f3) (24. Rgg1 Nf3+) 24... Rxg7
25. Nxf4 Nf3+ 26. Ke3 Nxh4 $17) 22... Kh7 $1 (22... Nxc5 $4 23. Qxe5 {[%cal
Gg6g8]}) 23. Qxe5 Nxe5 $1 24. Rg1 Nd7 $1 {[%csl Rc3,Rd4]} 25. Nce2 Nxc5 26.
bxc5 f3 $19) 21. Qe4 $2 ({It was necessary to take on f3 as the move in the
game lets Black to return to the unused idea of the previous move.} 21. Nxf3
Rxf3 22. Qxf3 Qxe5+ 23. Kd1 Qxc3 24. Rc1 Qe5 $13 25. Bxb6 cxb6 26. Qxc6 $36)
21... Nd5 $2 {Again Black passes by capture on e5.Maybe he missed strong
White's reply?} (21... Qxe5 $1 22. Rxg6 (22. Qxe5 Bxe5 {[%csl Ra1,Rc3,Rd4]
[%cal Gb6d7]}) 22... Nd7 $1 23. Rd1 $1 Qxe4+ 24. dxe4 Kh7 25. Rxc6 (25. Rg1 Be5
$1 {[%csl Rc3,Rd4][%cal Gd7c5,Gf7d7]} 26. Nb1 Nxc5 27. Nxc6 (27. bxc5 Ra4 $19)
27... Nd7 28. Rxd7 Rxd7 29. Nxe5 Re7 $19) 25... Nb8 $1 $17 {[%csl Rc6]}) 22.
Kd2 $3 ({But not} 22. Nxd5 $6 cxd5 23. Qxd5 Qxe5+ 24. Qxe5 Bxe5 {and Black is
again on top.}) 22... Qxe5 (22... Bf5 23. Nxf5 Rxf5 (23... gxf5 24. Qxf3 (24.
Qd4 $5 Rd8 25. Rae1 $1) 24... Nxc3 25. Kxc3 Qxe5+ 26. d4 Qd5 27. Qxd5 cxd5 28.
Rae1 $16) 24. d4 $1 $16 (24. Nxd5 $6 cxd5 (24... Rxe5 25. Ne7+ $5 (25. Nf6+
Bxf6 26. Qxg6+ Qxg6 27. Rxg6+ Kf7 28. Rxf6+ Kxf6 29. Bd4 $14) 25... Kh7 26.
Qxf3 Rxe7 27. Bxe7 (27. h5 $5 Bxa1 28. hxg6+ Kh8 29. Rxa1 Re6 30. g7+ $1 Kg8
31. Qf8+ Qxf8 32. gxf8=Q+ Rxf8 33. Rg1+ Kf7 34. Bxf8 Kxf8 $14) 27... Bxa1 28.
Bf6 $5 (28. Qe4 {[%cal Gh4h5,Gg1a1]} Qf7 $1 $132) 28... Qf7 $1 29. Rxa1 Rf8 30.
h5 $1 $14) 25. Qxd5+ Kh7 $132)) 23. Rxg6 $1 Qf4+ $6 {Black should leave
White's king on the d-file in order to meet possible in future Bd4 with Rd8.} (
23... Qxe4 $1 24. dxe4 (24. Nxe4 $5) 24... Nf4 $1 25. Rg3 Ne6 $1 26. Nxe6 $140
Bxe6 27. Bd4 Rd8 {Now we can see the difference between the game and immediate
23...Q:e4} 28. Ke3 Rxd4 29. Rxg7+ Kxg7 30. Kxd4 Rd7+ 31. Ke3 (31. Ke5 Kf7 $1)
31... Bc4 $132) 24. Kc2 $1 Qxe4 (24... Nxc3 $2 {is refuted by elegant} 25.
Rxg7+ $1 Kxg7 26. Rg1+ Kh8 27. Qe8+ Rf8 (27... Kh7 28. Qg8#) 28. Bxf8 $1 {
[%cal Gf8g7]} Bg4 (28... Bb7 29. Bg7+ Kh7 30. Qg6+ Kg8 31. Bxh6+ Kh8 32. Qg7#)
29. Qxa8 $18) 25. dxe4 (25. Nxe4 Kh7 26. Rag1 Nxb4+ $140 $2 (26... Bh8 $142 $3
$13) 27. Bxb4 Bxd4 28. Bd2 $1 Bg7 29. Nf6+ $1 $18) 25... Nf4 $1 {[%cal Gf4e6]
exchanging more active knight} ({After} 25... Nxc3 26. Kxc3 $16 {[%csl Rc6,Rc7,
Rf3,Rg8] White gains stable advantage.}) 26. Rg3 Ne6 27. Nxe6 Bxe6 28. Bd4 $1
$14 {Now it's much stronger than in case of immediate Q:e4 as king is on c2.}
Rd8 (28... Kh7 29. Bxg7 Rxg7 30. Rxf3 $16) 29. Bxg7 Rxg7 30. Rag1 $1 (30. Rxf3
Rd4 $1 {[%cal Gg7d7,Gd4b4]} 31. Rf6 Bf7 32. Rxc6 Rg2 $1 33. Rf1 Bc4 $1 (33...
Rxb4 34. Kd3 Rb2 35. Ra6 $1 $16) 34. Rd1 Rxf2+ 35. Kc1 Bd3 $1 {[%cal Gf2c2]} (
35... Rxd1+ 36. Nxd1 {[%csl Rc4,Rf2]} Rxa2 37. Rxc4 Ra1+ 38. Kc2 a2 39. Kb3
Rxd1 40. Kxa2 $16) 36. Nd5 Rc4+ 37. Rxc4 Bxc4 $132) 30... Rdd7 $5 (30... Rxg3
$5 {deserved serious attention} 31. Rxg3+ Kf7 32. Rxf3+ Ke7 {[%cal Gd8d4]} 33.
Na4 $1 (33. Rd3 Rb8 34. Rd4 Rf8 35. Rd2 Rf3 $1 {with full compensation}) 33...
Rd4 34. Nc5 $1 Rc4+ $1 (34... Rxb4 35. Rxa3 Rc4+ (35... Bxa2 36. Rxa2 Rc4+ 37.
Kd3 Rxc5 38. Rc2 $18) 36. Rc3 Rxc3+ 37. Kxc3 Bxa2 38. f4 {and White wins.}) 35.
Kd2 Rd4+ $1 36. Ke1 Bg4 37. Rd3 Rxb4 38. f3 (38. Rxa3 Rc4 39. Ra5 Bf3 {with
good chances to equlize.}) 38... Bh5 39. Rxa3 Rb2) 31. Rxg7+ (31. Na4 $2 Bxa2
32. Nc5 Rdf7 33. Rxg7+ Rxg7 34. Ra1 {is refuted by} Rg2 $1) 31... Rxg7 32.
Rxg7+ Kxg7 33. Kd3 Kg6 $5 (33... Kf6 $5 34. Ke3 (34. Kd4 $5 {[%cal Gc3b1]
preventing possible counterplay in case of 34.Ke3} Kg6 35. Ke3 {see 33...Kg6})
34... Ke5 35. Nb1 $1 (35. Kxf3 $143 $2 Kd4 36. Nb1 (36. Ne2+ Kc4) 36... Bxa2
37. Nxa3 Kc3 {[%csl Ra3]}) 35... Bxa2 36. Nxa3 h5 $22 37. b5 (37. Kxf3 Kd4 38.
Nc2+ Kc3 39. Ne3 Kxb4 40. Kf4) 37... cxb5 38. Nxb5 c5 39. Nc3 Bc4 40. Na4 $1
Kd6 41. Kxf3 $16) 34. Ke3 Kh5 35. Kxf3 Kxh4 36. Nb1 Bxa2 37. Nxa3 Bb3 $6 {
Black gives up an important tempo.Such kindness can be punishable.} (37... h5
$142 {with good chances for a draw.For instance:} 38. Nc2 (38. Kf4 Kh3 39. Nc2
(39. Kg5 Kg2 40. f4 h4 $1 41. Kxh4 Kf3) 39... Kg2 40. f3 (40. Ke3 h4 41. Ne1+
Kf1 42. Nd3 (42. Nf3 $2 h3 43. Nd4 h2 44. Nf5 Kg2 45. Ng3 Bc4 $1 46. e5 Bd5 $1
$19) 42... h3 43. f4 h2 44. Nf2 Kg2 45. f5 Bb1) 40... h4 41. Ne3+ (41. Ne1+ Kg1
42. Kg4 h3 43. Kxh3 Kf2 44. Nd3+ Kxf3 $11) 41... Kg1 42. Kg4 h3 $1 43. Kxh3 Kf2
44. Ng4+ Kxf3 45. Ne5+ Kxe4 46. Nxc6 $11) 38... Kh3 39. Nd4 h4 40. Nxc6 Bf7 {
[%cal Gf7h5]} 41. Nd4 Kh2 $1 42. Kg4 h3 43. Ne2 Kg2 44. Nf4+ Kxf2 45. Nxh3+ Ke3
46. Ng5 (46. Kf5 Bg6+ $1 47. Kxg6 Kxe4 $11) 46... Bd5 $3 47. exd5 (47. Kf5
Bxe4+ 48. Nxe4 Kd4 $11) (47. e5 Kd4 48. Kf5 Kc4 $11) 47... Kd4 48. Ne6+ Kxd5
49. Nxc7+ Kc4 50. b5 Kc5 51. Kf5 Kb6 $11) (37... Kg5 $6 38. Kg3) 38. Nb1 Bd1+
$2 {Again Black loses important time.} (38... Kh3 $142 39. Nd2 Be6 40. Kf4 Kg2
41. Ke3 h5 $132 {For example} 42. f4 $6 (42. Nf3 $142) 42... h4 43. f5 Ba2 44.
e5 h3 45. Ne4 (45. Nf3 Bd5) 45... Bb1) 39. Kf4 Kh3 40. Nc3 Bb3 41. Ne2 $1 h5 (
41... Kg2 42. Ke3 $1 {[%cal Ge2f4]}) 42. Kg5 Kg2 (42... h4 $2 43. Nf4+ Kh2 44.
Kxh4) 43. Nd4 Bc4 44. f4 Kf2 (44... h4 $5 {was an interesting chance to put
some resistance.} 45. Kxh4 Kf2 $1 {[%csl Rd4,Re4,Rf4][%cal Gf2e3]} 46. Nxc6 Ke3
47. Kg5 Kxe4 48. f5 Kd5 {and White still has to prove he is winning.}) 45. Nf5
$1 ({It wasn't late to make a mistake:} 45. e5 $2 h4 $1 46. Kxh4 (46. Kg4 h3 $1
) 46... Ke3) 45... Kf3 46. e5 Bd5 47. Nh4+ (47. e6 $1 {wins immediately} Bxe6
48. Nd4+ Kg3 49. Nxe6 h4 50. Nd4 h3 51. Ne2+ Kf2 52. Kg4 $1 h2 53. Ng3 $18)
47... Ke4 48. Ng6 $6 {[%cal Gf4f5]} (48. Nf5 $142 {[%cal Gf5g3]} Kf3 49. e6 $18
) 48... Bc4 $2 ({Much tougher was} 48... Be6 $142 $1 {and White has to create
a study to win:} 49. Nf8 $1 (49. Nh4 Bg4) (49. Kxh5 Kf5 50. Kh6 Bf7 51. Ne7+
Kxf4 52. Kg7 Kxe5 53. Kxf7 c5 $1 54. bxc5 c6 $1 $11) 49... Bc4 50. e6 h4 $1 51.
e7 Bf7 52. Ne6 $1 h3 53. Kf6 Be8 54. Ng5+ Kxf4 55. Nxh3+ Ke4 (55... Ke3 56. Ng5
c5 (56... Kd4 57. Ne6+ Kc4 58. Nxc7 {see 55...Ke4,57...Kc4}) 57. bxc5 Kd4 58.
Ne6+ Kc4 59. Nxc7 Bc6 (59... Ba4 60. Na6 {[%cal Gf6e6]} Kd5 61. c6 $1) 60. Na6
$1 Kb5 61. Nb8 Be8 62. c6 Kb6 63. Kg7 $1 Kc7 64. Kf8 Bh5 65. Nd7 Kxc6 (65...
Kd6 66. Ne5 {[%cal Ge5f7]}) 66. Ne5+ $18 {[%cal Ge5f7]}) 56. Ng5+ Kd5 57. Ne6
Kd6 (57... Kc4 58. Nxc7 Bh5 (58... Bd7 59. Ke5 $1 {[%cal Ge5d6]} c5 60. Kd6 Ba4
61. b5 $18) 59. Ne6 {[%cal Ge6g7]} Be8 60. Ng7 Bd7 61. Ke5 $1 {[%cal Ge5d6]} c5
62. Kd6 Ba4 63. bxc5 $18) 58. Ng7 Bd7 59. Kf7 Ke5 (59... c5 60. Ne8+ $1 Ke5 $8
61. bxc5 Kd4 62. Nf6 Bb5 63. c6 $1 Bxc6 64. Ke6 {[%cal Gf6d7]} Ba4 65. Nd7 Bb3+
66. Kf6 $18)) 49. Nh4 $1 (49. f5 {would give unnecessary counterplay.} h4 50.
e6 h3 51. e7 Bf7 52. Nh8 Be8 53. f6 h2 54. f7 Bxf7 55. Nxf7 h1=Q 56. e8=Q+ Kd4
{[%csl Rb4]}) 49... Bg8 ({or} 49... Bd5 50. Nf5 {[%cal Gf5g3]} Kf3 51. e6 $1)
50. Nf5 {[%cal Gf5g3]} Kf3 51. e6 $1 $18 {Finally White finds the correct idea.
} Ke4 (51... Bxe6 52. Nd4+ Kg3 53. Nxe6 h4 54. Nd4 h3 55. Ne2+ Kf2 56. Kg4 h2
57. Ng3 $18) 52. e7 Bf7 53. Ng7 (53. Ng7 {Black resigned as White is just in
time to stop the h-pawn.} h4 54. e8=Q+ Bxe8 55. Nxe8 h3 56. Nf6+ {[%cal Gf6g4]}
) (53. Ng3+ $5 Kd5 54. f5 $1 $18 {[%cal Gf5f6,Gg3h5]} (54. Nxh5 $2 Kd6 $1 {
[%csl Re7,Rh5]} (54... Ke6 $2 55. e8=Q+ Bxe8 56. Ng7+ $18))) 1-0

[Event "Moscow Aeroflot op-A"]
[Site "Moscow"]
[Date "2003.02.15"]
[Round "5"]
[White "Zvjaginsev, Vadim"]
[Black "Najer, Evgeniy"]
[Result "1/2-1/2"]
[WhiteElo "2671"]
[BlackElo "2585"]
[Annotator "Mikhalevski,V"]
[PlyCount "45"]
[EventDate "2003.02.10"]
[EventType "swiss"]
[EventRounds "9"]
[EventCountry "RUS"]
[SourceTitle "CBM 094"]
[Source "ChessBase"]
[SourceDate "2003.05.26"]
[SourceVersion "1"]
[SourceVersionDate "2003.05.26"]
[SourceQuality "1"]

1. c4 Nf6 2. Nc3 d5 3. cxd5 Nxd5 4. Nf3 g6 5. h4 {[%cal Gh4h5] Relatively rare,
but interesting variation. White is starting offensive on the king side right
away.} Nf6 {[%csl Gh5] Aimed against h5. Although the main drawback is that
black has to move the same piece twice.} (5... h6) (5... h5) (5... Bg7 6. h5
Nc6 7. g3 Bg4 8. h6 Bxc3 (8... Bf6 $5) 9. bxc3 Bxf3 10. exf3 Qd6 11. Be2 O-O-O
12. Qb3 f5 13. a4 e5 14. a5 e4 (14... a6 $5) (14... Rhe8 $5) 15. f4 Nf6 (15...
a6 $5) 16. O-O Ng4 (16... Nd7 $5) 17. Ba3 Qxd2 $4 ({necessary was} 17... Qd7)
18. a6 $1 $18 {[%csl Rc6,Rc8]} Na5 $8 19. axb7+ Kb8 20. Qb5 {[%csl Ra5]} e3 21.
Bc5 $1 {[%csl Ra5,Rb8][%cal Gc5a7]} exf2+ 22. Rxf2 {1-0 Piket,J-Shirov,A/Monte
Carlo 1998/CBM 63 ext (22).}) 6. d4 Bg7 7. e4 O-O 8. Be2 c5 9. d5 b5 $5 {
[%csl Re4][%cal Gb5b4][%mdl 8] A new interesting idea. Probably Najer prepared
it at home.} ({In the origin game Black tested} 9... e6 {but without any
success.} 10. h5 Nxh5 11. g4 (11. Ng5 $5 $36 {[%cal Ge2h5] Shipov}) 11... Nf6
12. Bg5 Qb6 (12... Qa5 $1 {[%cal Gf6e4] Shipov"leads to Black's advantage"})
13. Bxf6 Bxf6 14. Qd2 {[%csl Rh7][%cal Gd2h6]} Bg7 {[%csl Gh6]} 15. O-O-O Nd7
16. g5 c4 (16... Qa5 $5 {[%cal Gd7b6] Shipov}) 17. Rh2 Re8 18. d6 Rd8 19. Qf4
Qa5 ({With} 19... Bxc3 $1 {Svidler could put much more difficult problems than
in the game.In all the lines White would have to calculate unnumerable amount
of variations.}) 20. Rxh7 $1 {and so on 1-0 Piket-Svidler CBM76 [Mikhalevski,V]
}) 10. e5 ({In case of} 10. Bxb5 {Black has prepared a typical blow} Nxe4 $1
11. Nxe4 Qa5+ {[%csl Rb5,Re1]} 12. Nc3 {It's useful to trade black's
dark-squared bishop.} Bxc3+ 13. bxc3 Qxb5 {[%csl Rc3,Re1][%cal Gb5c4] and
Black obtains counterplay thanks to uncastled position of White's king.} 14. h5
Qc4 {[%csl Rc3][%cal Gc4c3]}) 10... Ng4 {[%csl Re5][%cal Gg4e5]} 11. Bxb5 Nd7
$5 {Another surprise from Najer.} (11... Nxe5 12. Nxe5 Bxe5 13. h5 $1) 12. e6 (
{It was interesting to play} 12. Ng5 $5 {[%cal Gd1g4] trying to trap Black's
knight} Ndxe5 (12... Ngxe5 $2 13. f4 $1 {[%csl Re5] traping the e5-knight at
the centre of the board.} h6 14. Nh3 $18 {[%csl Re5]}) 13. f4 {[%csl Re5,Rg4]
however Black is alive after} f6 $8 {[%cal Ge5f7]} ({After} 13... h6 $2 14. Nh3
{[%csl Re5,Rg4] Black loses a piece.}) 14. Ne6 $5 ({Also in case of} 14. Nxh7
Kxh7 15. fxe5 f5 $1 {[%cal Gg7e5]} 16. h5 (16. Bf4 $5) 16... Bxe5 $132 {
The position remains unclear.}) 14... Bxe6 15. dxe6 {[%csl Re5] and it looks
that Black's knight is traped,but} Qd4 $1 {[%csl Re1][%cal Gd4f2]} ({After
inaccurate} 15... Qxd1+ $2 {Black loses a piece.} 16. Nxd1 Rad8 17. Rh3 $1 {
[%csl Rd3]} (17. fxe5 Rxd1+ 18. Kxd1 Nf2+ 19. Ke1 Nxh1) 17... Rxd1+ 18. Kxd1
Nf2+ 19. Ke1 Nxh3 20. fxe5 $1 {[%csl Rh3] and the other knight is traped.}) 16.
Qxd4 ({Or} 16. Rf1 Rfd8 17. fxe5 Qxe5+ 18. Qe2 Qg3+ 19. Rf2 f5 $1 $44) (16. Qe2
$2 a6 $1 {[%csl Rd3]}) 16... cxd4 17. Nd1 (17. Na4 Rab8 18. Be2 {[%csl Re5,Rg4]
} d3 19. Bd1 {[%csl Re5,Rg4]} d2+ $1 20. Kxd2 Rfd8+ 21. Ke2 Nc6 {[%cal Gf6f5]
and despite an extra pawn the position remains unclear.}) 17... Rfb8 18. Be2 d3
19. Bf1 Nc6 20. Bxd3 f5 $44 {[%csl Rb2,Re1,Re6]}) 12... fxe6 13. dxe6 Nde5 {
[%csl Re6][%cal Gc8e6] Black wants to return the e6-pawn.} 14. Qxd8 {This is
better than 14.Nxe5} ({After} 14. Nxe5 Qxd1+ $1 15. Nxd1 Nxe5 {[%cal Gc8e6]
Black obtains a better version of 14. Qxd8.} 16. f4 $140 $6 Rb8 $1 {[%csl Rd3]
[%cal Ge5c6]} 17. Be2 (17. Nc3 Nf3+ $1 {[%csl Rb5][%cal Gg7c3]}) 17... Nc6 {
[%cal Gc6d4,Gc6b4,Gc8e6]}) 14... Rxd8 15. Nxe5 Nxe5 {[%cal Gc8e6,Ge5d3]} 16.
O-O $1 a6 $1 {Important intermediate move.Now activity of black pieces
compensates pawn weaknesses.} (16... Bxe6 17. Re1 $1 {[%cal Gf2f4]}) 17. Be2
Bxe6 ({It was interesting to fight for initiative with the help of} 17... Rb8
$1 {[%csl Rb2] and White has development problems.}) 18. Re1 Bf7 ({Also} 18...
Bc4 $5 {was enough for equality} 19. Bf4 Bxe2 20. Bxe5 Bxe5 21. Rxe2 $11) 19.
Bf4 Nc6 (19... Nd3 $5 {symplifying position was also a good way to equalize:}
20. Bxd3 Bxc3 $1 21. bxc3 Rxd3 $11 {[%csl Rc3]}) 20. Bf3 Rac8 21. Bg4 Ra8 {
[%csl Ra6,Rc5,Re7,Gf7,Gg7] and White has decided not to take chances. Strong
bishops on g7 and f7 and also potentionally dangerous knight fully compensate
pawn weaknesses.} 22. Bf3 Rac8 23. Bg4 {Very interesting and important from
the theoretical point of view game.} 1/2-1/2